000 00495nam a22001697a 4500
999 _c8423
_d8423
008 201124b ||||| |||| 00| 0 eng d
040 _aBMS College of Architecture
100 _aL H. Amruta
245 _aNaturopathic centre
300 _a58p.
500 _a1BM14AT006
502 _8B,Arch
_NBMS College of Architecture, Visvesvaraya Technological University
_aProject report
_d2018
650 _aNaturopathic
700 _aAnahd
_eGuide
700 _aKoshy P Koshy
_eGuide
942 _2ddc
_cTHE